000 00278nam a2200109Ia 4500
008 200302s9999 xx 000 0 und d
100 _aPanos Koulermos
245 _a20 th Century European Rationalism
260 _bAcademy Editions Group Ltd.
260 _c1995
300 _a223 P.,
999 _c1888
_d1888